Statistics for Capitals of Europe (VERY HARD)

Click here to take the quiz!

General Stats

  • This quiz has been taken 30 times
    (3 since last reset)
  • The average score is 41 of 93

Answer Stats

CountryCapital% Correct
SlovakiaBratislava
100%
IrelandDublin
100%
ScotlandEdinburgh
100%
BelarusMinsk
100%
KosovoPristina
100%
ItalyRome
100%
LithuaniaVilnius
100%
PolandWarsaw
100%
NetherlandsAmsterdam
50%
AndorraAndorra la Vella
50%
TurkeyAnkara
50%
KazakhstanAstana
50%
GreeceAthens
50%
AzerbaijanBaku
50%
CataloniaBarcelona
50%
AdjaraBatumi
50%
Northern IrelandBelfast
50%
SerbiaBelgrade
50%
GermanyBerlin
50%
SwitzerlandBern
50%
BelgiumBrussels
50%
RomaniaBucharest
50%
HungaryBudapest
50%
WalesCardiff
50%
ChuvashiaCheboksary
50%
Karachay-CherkessiaCherkessk
50%
MoldovaChișinău
50%
DenmarkCopenhagen
50%
GibraltarGibraltar
50%
ChechnyaGrozny
50%
FinlandHelsinki
50%
UkraineKyiv
50%
PortugalLisbon
50%
SloveniaLjubljana
50%
United KingdomLondon
50%
SvalbardLongyearbyen
50%
LuxembourgLuxembourg
50%
SpainMadrid
50%
DagestanMakhachkala
50%
ÅlandMariehamn
50%
RussiaMoscow
50%
BavariaMunich
50%
CyprusNicosia
50%
Northern CyprusNicosia
50%
VojvodinaNovi Sad
50%
NorwayOslo
50%
SicilyPalermo
50%
FranceParis
50%
Republic of KareliaPetrozavodsk
50%
MontenegroPodgorica
50%
Czech RepublicPrague
50%
IcelandReykjavík
50%
LatviaRiga
50%
San MarinoSan Marino
50%
Bosnia and HerzegovinaSarajevo
50%
North MacedoniaSkopje
50%
BulgariaSofia
50%
SwedenStockholm
50%
AbkhaziaSukhumi
50%
EstoniaTallinn
50%
GeorgiaTbilisi
50%
AlbaniaTirana
50%
TransnistriaTiraspol
50%
Faroe IslandsTórshavn
50%
OccitaniaToulouse
50%
Friuli Venezia GiuliaTrieste
50%
South OssetiaTskhinvali
50%
LiechtensteinVaduz
50%
MaltaValletta
50%
Vatican CityVatican City
50%
AustriaVienna
50%
North Ossetia–AlaniaVladikavkaz
50%
ArmeniaYerevan
50%
CroatiaZagreb
50%
Aosta ValleyAosta
0%
SardiniaCagliari
0%
GagauziaComrat
0%
Isle of ManDouglas
0%
KalmykiaElista
0%
UdmurtiaIzhevsk
0%
TatarstanKazan
0%
IngushetiaMagas
0%
AdygeaMaykop
0%
MonacoMonaco
0%
Kabardino-BalkariaNalchik
0%
Bailiwick of JerseySaint Helier
0%
Bailiwick of GuernseySaint Peter Port
0%
MordoviaSaransk
0%
Komi RepublicSyktyvkar
0%
Trentino-Alto Adige/SüdtirolTrento
0%
BashkortostanUfa
0%
Basque CountryVitoria-Gasteiz
0%
Mari ElYoshkar-Ola
0%

Score Distribution

Percentile by Number Answered

Percent of People with Each Score

Your Score History

You have not taken this quiz since the last reset